000 00632nam a22002171 4500
001 bimo0000794440
003 OSt
005 20160411113835.0
008 900725s1968 sp spa
040 _cBMC
082 _a891.73
100 1 _9133
_aDostoevskiï, Fiodor Mijaïlovich
_d1821-1881
245 1 0 _aStepantchikovo
_cFedor Dostoyevski ; [traducción de Ricardo Baeza y R. Zhukovski]
250 _a5ª ed
260 0 _aMadrid
_bEspasa-Calpe
_c1968
300 _a183 p.
_c18 cm
490 0 _aAustral
_v167
700 _9206
_aBaeza, Ricardo
_d1890-1956
700 _9208
_a Zhukovski, R.
942 _2ddc
_cBK
_hprozim
999 _c134
_d134